| 000 | 01386cam a2200157 4500500 | ||
|---|---|---|---|
| 005 | 20260208005816.0 | ||
| 041 | _afre | ||
| 042 | _adc | ||
| 100 | 1 | 0 |
_aMélonio, Françoise _eauthor |
| 245 | 0 | 0 | _a« Une sorte de Pascal politique » : Tocqueville et la littérature démocratique |
| 260 | _c2005. | ||
| 500 | _a8 | ||
| 520 | _aOn a souvent souligné combien l’œuvre de Tocqueville ouvrait, après celle de Montesquieu, la voie à la sociologie. Elle est ici analysée dans son rapport aux moralistes du XVIIe siècle, dont Tocqueville faisait une de ses lectures favorites. De la Démocratie en Amérique met en évidence les « contrariétés » des hommes démocratiques, livrés à l’incohérente activité de leurs désirs, mais capables de sublime. À ces hommes dont le goût se porte naturellement vers une littérature industrielle, vers l’outrance et le vague de la pensée, Tocqueville propose un essai qui renoue avec l’écriture des moralistes par la distance ironique et paradoxale qu’il prend avec le monde qu’il observe. La tradition moraliste est ainsi mise au service de l’art d’accommoder les démocraties. | ||
| 786 | 0 | _nRevue d'histoire littéraire de la France | 105 | 2 | 2005-03-01 | p. 273-284 | 0035-2411 | |
| 856 | 4 | 1 | _uhttps://shs.cairn.info/revue-d-histoire-litteraire-de-la-france-2005-2-page-273?lang=fr&redirect-ssocas=7080 |
| 999 |
_c1653865 _d1653865 |
||